Normal view
MARC view
- Kaplan,Robert S / Atkinson,Anthony A
Entry Personal Name
001 - CONTROL NUMBER
- control field: 3058
003 - CONTROL NUMBER IDENTIFIER
- control field: JO-AjAnu
005 - DATE AND TIME OF LATEST TRANSACTION
- control field: 20230606070814.0
008 - FIXED-LENGTH DATA ELEMENTS
- fixed length control field: 230606|| aca||aabn | a|a d
040 ## - CATALOGING SOURCE
- Original cataloging agency: JO-AjAnu
- Transcribing agency: JO-AjAnu
100 ## - HEADING--PERSONAL NAME
- Personal name: Kaplan,Robert S / Atkinson,Anthony A
670 ## - SOURCE DATA FOUND
- Source citation: Work cat.: (JO-AjAnu)1604: Kaplan,Robert S / Atkinson,Anthony A, author, Advanced Management Accounting